01075nam a22002775i 4500999001700000003000900017005001700026008004100043020001800084040004300102082002200145100002900167245006200196264006900258300002800327336002600355337002800381338002700409504004100436650004900477650006700526653002700593655001700620942001200637952014800649 c27748d27719EG-ScBUE20191112111353.0191112s2018 ii f b 000 0 eng d a9788193523131 aEG-ScBUEbengerdacEG-ScBUEdEG-ScBUE04a428.0071bSIN2221 aSingaravelu, G.eauthor.10aModern methods of teaching English /cDr. G. Singaravelu. 1aDarya Ganj, New Delhi :bA. P. H. Publishing Corporation,c2018. axiv, 120 pages ;c22 cm atextbtxt2rdacontent aunmediatedbn2rdamedia avolumebnc2rdacarrier aIncludes bibliographical references. 7aEnglish languagexStudy and teaching.2BUEsh 7aEnglish languagexStudy and teachingxForeign speakers.2BUEsh bHHUUEENNcNovember2019 vReading book 2ddccBB 00102ddc40708BaccahaMAINbMAINc2NDd2019-11-12ePurchaseg280.00l0o428.0071 SINp000048215r2025-07-15 00:00:00v350.00w2019-11-12yBB